| 000 | 00681nam a2200181Ia 4500 | ||
|---|---|---|---|
| 008 | 090630s9999 xx 000 0 und d | ||
| 082 | _b23070 | ||
| 100 | _aअनु. आलम खुर्शीद. | ||
| 245 |
_aज्ञान सिंह शातिर. _cअनु. आलम खुर्शीद. |
||
| 260 |
_bसाहित्य अकादमी. _c2002 |
||
| 300 | _a608 | ||
| 600 | _aअनु. आलम खुर्शीद. | ||
| 630 | _aज्ञान सिंह शातिर. | ||
| 655 | _aहिंदी. | ||
| 700 | _aअनु. आलम खुर्शीद. | ||
| 730 | _aज्ञान सिंह शातिर. | ||
| 942 | _cBOOK | ||
| 999 |
_c274926 _d274926 |
||